000 01123nam0a2200265 4500
001 RU\NLR\ONL2\22064
005 20260409002836.0
035 _a(NLR Aleph) 009669648
090 _a13649465
_c13649465
100 _a20091007d1956 u y0rusy50 ca
101 0 _aaze
102 _aAZ
105 _ay |||||||||
200 1 _aЕтилләнмиш бензини автомобиллә дашыjан ишчиләр үчүн тәhлүкәсизлик техникасына даир jаддаш
_fССРИ Нефт сэнаjеси наз. УИЕТТТИ
_g[тэрт. ед. К. К. Савченко]
210 _aБакы
_cАзэрнефтнэшр
_d1956
215 _a16 с.
_d13
541 1 _aПамятка по технике безопасности для работников по перевозке этилированного бензина на автотранспорте
_zrus
702 1 _aСавченко
_bК. К.
_4220
801 0 _aRU
_bNLR
_c20120130
_gPSBO
852 _aNLR
_bОНЛ
_jАзерб./1-1336
942 _cBOOK
980 _aONL_RF
980 _aNB